<?xml version="1.0" encoding="UTF-8"?>
<record
    xmlns:xsi="http://www.w3.org/2001/XMLSchema-instance"
    xsi:schemaLocation="http://www.loc.gov/MARC21/slim http://www.loc.gov/standards/marcxml/schema/MARC21slim.xsd"
    xmlns="http://www.loc.gov/MARC21/slim">

  <leader>01879    a2200253   4500</leader>
  <controlfield tag="001">41195</controlfield>
  <controlfield tag="005">20260407155706.0</controlfield>
  <controlfield tag="008">260407a1996    arg                 spa d</controlfield>
  <controlfield tag="003">AR-UNSa-BCEJYS</controlfield>
  <datafield tag="040" ind1=" " ind2=" ">
    <subfield code="a">AR-UNSa-BCEJYS</subfield>
    <subfield code="b">spa</subfield>
    <subfield code="c">AR-UNSa-BCEJYS</subfield>
  </datafield>
  <datafield tag="080" ind1=" " ind2=" ">
    <subfield code="a">347.72</subfield>
    <subfield code="x">Sociedades comerciales</subfield>
  </datafield>
  <datafield tag="245" ind1="1" ind2="0">
    <subfield code="a">Lei das sociedades por a&#xE7;&#xF5;es do Brasil : Lei n&#xBA; 6.404 de 15 de dezembro de 1976</subfield>
    <subfield code="n">Ley de Sociedades por Acciones del Brasil : Ley n&#xBA; 6404 de 15 de diciembre de 1976</subfield>
  </datafield>
  <datafield tag="020" ind1=" " ind2=" ">
    <subfield code="a">950-894-054-9</subfield>
  </datafield>
  <datafield tag="264" ind1=" " ind2="1">
    <subfield code="a">Buenos Aires :</subfield>
    <subfield code="b">AD-HOC</subfield>
    <subfield code="c">1996</subfield>
  </datafield>
  <datafield tag="300" ind1=" " ind2=" ">
    <subfield code="a">199 p.</subfield>
    <subfield code="c">23 cm.</subfield>
  </datafield>
  <datafield tag="505" ind1=" " ind2=" ">
    <subfield code="a">Ley 6.404 del 15 de diciembre de 1976: dispone sobre las sociedades por acciones: 1. caracter&#xED;sticas y naturaleza de la compa&#xF1;&#xED;a o sociedad an&#xF3;nima - 2. capital social - 3. acciones - 4. partes beneficiarias -  5. debentures - 6. bonos de suscripci&#xF3;n - 7. constituci&#xF3;n de la compa&#xF1;&#xED;a - 8. formalidades complementarias de la constituci&#xF3;n - 9. libros sociales - 10. accionistas - 11. asamblea general - 12. consejo de administraci&#xF3;n y directorio - 13. consejo fiscal - 14. modificaci&#xF3;n del capital social - 15. ejercicio social y demostraciones financieras - 16. lucros, reservas y dividendos - 17. disoluci&#xF3;n, liquidaci&#xF3;n y extinci&#xF3;n - 18. transformaci&#xF3;n, incorporaci&#xF3;n, fusi&#xF3;n y separaci&#xF3;n - 19. sociedades de econom&#xED;a mixta - 20. sociedades coligadas, controladoras y controladas - 21. grupo de sociedades - 22. consorcio - 23. sociedades en comandita por acciones - 24. plazos de prescripci&#xF3;n - 25. disposiciones generales - 26. disposiciones transitorias</subfield>
  </datafield>
  <datafield tag="041" ind1=" " ind2=" ">
    <subfield code="a">spa</subfield>
  </datafield>
  <datafield tag="942" ind1=" " ind2=" ">
    <subfield code="c">BK</subfield>
  </datafield>
  <datafield tag="590" ind1=" " ind2=" ">
    <subfield code="a">niveau_biblio:m niveau_hierar:0</subfield>
  </datafield>
  <datafield tag="100" ind1="1" ind2=" ">
    <subfield code="a">Calder&#xF3;n, Marta S.</subfield>
  </datafield>
  <datafield tag="700" ind1="1" ind2=" ">
    <subfield code="a">Brasil [Leyes, etc.]</subfield>
  </datafield>
  <datafield tag="700" ind1="1" ind2=" ">
    <subfield code="a">Favier Dubois, Eduardo Mario (h)</subfield>
  </datafield>
  <datafield tag="856" ind1="4" ind2="1">
    <subfield code="u">https://biblioeco.unsa.edu.ar/pmb/images/libros/L126433.jpg</subfield>
    <subfield code="y">Imagen de portada</subfield>
    <subfield code="q">image/jpeg</subfield>
  </datafield>
  <datafield tag="999" ind1=" " ind2=" ">
    <subfield code="c">3414</subfield>
    <subfield code="d">3414</subfield>
  </datafield>
  <datafield tag="952" ind1=" " ind2=" ">
    <subfield code="0">0</subfield>
    <subfield code="1">0</subfield>
    <subfield code="4">0</subfield>
    <subfield code="7">0</subfield>
    <subfield code="a">BCEJYS</subfield>
    <subfield code="b">BCEJYS</subfield>
    <subfield code="c">16</subfield>
    <subfield code="d">2026-04-07</subfield>
    <subfield code="l">0</subfield>
    <subfield code="o">347.72 B823</subfield>
    <subfield code="p">L126433</subfield>
    <subfield code="r">2026-04-07 15:57:06</subfield>
    <subfield code="w">2026-04-07</subfield>
    <subfield code="y">L</subfield>
  </datafield>
</record>
